Jonathan Edwards' social Augustinian trinitarianism in historical and contemporary perspectives / (Record no. 33984)
[ view plain ]
| 000 -LEADER | |
|---|---|
| fixed length control field | 01315nam a2200253 4500 |
| 008 - FIXED-LENGTH DATA ELEMENTS--GENERAL INFORMATION | |
| fixed length control field | 100201s2008 nju bm 001 0 eng |
| 020 ## - INTERNATIONAL STANDARD BOOK NUMBER | |
| International Standard Book Number | 1593338465 :USD103.50 |
| 020 ## - INTERNATIONAL STANDARD BOOK NUMBER | |
| International Standard Book Number | 9781593338466 |
| 090 ## - LOCALLY ASSIGNED LC-TYPE CALL NUMBER (OCLC); LOCAL CALL NUMBER (OCLC) | |
| Classification number (OCLC) (R) ; Classification number, CALL (RLIN) (NR) | BX7260.E3 |
| Local cutter number (OCLC) ; Book number/undivided call number, CALL (RLIN) | St9 |
| -- | 2008 |
| 100 1# - MAIN ENTRY--PERSONAL NAME | |
| Personal name | Studebaker, Steven M., |
| Dates associated with a name | 1968- |
| 245 10 - TITLE STATEMENT | |
| Title | Jonathan Edwards' social Augustinian trinitarianism in historical and contemporary perspectives / |
| Statement of responsibility, etc | Steven M. Studebaker. |
| 250 ## - EDITION STATEMENT | |
| Edition statement | 1st Gorgias Press ed. |
| 260 ## - PUBLICATION, DISTRIBUTION, ETC. (IMPRINT) | |
| Place of publication, distribution, etc | Piscataway, N.J. : |
| Name of publisher, distributor, etc | Gorgias Press, |
| Date of publication, distribution, etc | 2008. |
| 300 ## - PHYSICAL DESCRIPTION | |
| Extent | xii, 301 p. ; |
| Dimensions | 24 cm. |
| 490 1# - SERIES STATEMENT | |
| Series statement | Gorgias studies in philosophy and theology ; |
| Volume number/sequential designation | 2 |
| 500 ## - GENERAL NOTE | |
| General note | Revision of the author's thesis (Ph.D.)--Marquette University. |
| 504 ## - BIBLIOGRAPHY, ETC. NOTE | |
| Bibliography, etc | Includes bibliographical references (p. 259-289) and indexes. |
| 505 0# - FORMATTED CONTENTS NOTE | |
| Formatted contents note | The history of interpretation of Jonathan Edwards' trinitarianism -- Jonathan Edwards and the social Trinity -- The Augustinian mutual love tradition -- Jonathan Edwards and the Augustinian mutual love tradition -- Jonathan Edwards and the Enlightenment trinitarian controversies. |
| 600 14 - SUBJECT ADDED ENTRY--PERSONAL NAME | |
| Personal name | Edwards, Jonathan, |
| Dates associated with a name | 1703-1758. |
| 650 #4 - SUBJECT ADDED ENTRY--TOPICAL TERM | |
| Topical term or geographic name as entry element | Trinity |
| General subdivision | History of doctrines. |
| 951 ## - EQUIVALENCE OR CROSS-REFERENCE-GEOGRAPHIC NAME/AREA NAME [OBSOLETE] [CAN/MARC only] | |
| General subdivision | 00038685 |
| 830 #0 - SERIES ADDED ENTRY--UNIFORM TITLE | |
| Uniform title | Gorgias studies in philosophy and theology ; |
| Volume number/sequential designation | 2. |
| 951 ## - EQUIVALENCE OR CROSS-REFERENCE-GEOGRAPHIC NAME/AREA NAME [OBSOLETE] [CAN/MARC only] | |
| -- | 33542 |
| -- | BX7260.E3/St9/2008 |
| -- | 100201154544375 |
| -- | 2000-12-21 |
| -- | GC |
| Withdrawn status | Lost status | Damaged status | Not for loan | Home library | Current library | Shelving location | Date acquired | Accession number | Shelving control number | Total Checkouts | Full call number | Barcode | Date last seen | Price effective from | Koha item type |
|---|---|---|---|---|---|---|---|---|---|---|---|---|---|---|---|
| BSOP Library | BSOP Library | GC | 12/21/2000 | 33542 | 127 | BX7260.E3/St9/2008 | 00038685 | 02/23/2013 | 02/23/2013 | Books |
